| Tag |
First Indicator |
Second Indicator |
Subfields |
| LEADER |
00000cam a2200000Ia 4500 |
| 001 |
in00002786067 |
| 006 |
m o d |
| 007 |
cr cn||||||||| |
| 008 |
120719s2012 mau ob 001 0 eng d |
| 005 |
20250816204642.0 |
| 010 |
|
|
|z 2012028519
|
| 020 |
|
|
|z 0674059824 (alk. paper)
|
| 020 |
|
|
|z 9780674059825 (alk. paper)
|
| 020 |
|
|
|z 9780674067424 (ebook)
|
| 035 |
|
|
|a (CaPaEBR)ebr10618070
|
| 040 |
|
|
|a CaPaEBR
|c CaPaEBR
|d UtOrBLW
|
| 050 |
1 |
4 |
|a HQ1090.3
|b .V35 2012eb
|
| 082 |
0 |
4 |
|a 305.310973
|2 23
|
| 100 |
1 |
|
|a Vaillant, George E.,
|d 1934-
|
| 245 |
1 |
0 |
|a Triumphs of experience :
|b the men of the Harvard Grant Study /
|c George E. Vaillant.
|
| 264 |
|
1 |
|a Cambridge, Mass. :
|b Belknap Press of Harvard University Press,
|c 2012.
|
| 300 |
|
|
|a 1 online resource (xi, 457 pages)
|
| 336 |
|
|
|a text
|b txt
|2 rdacontent
|
| 337 |
|
|
|a computer
|b c
|2 rdamedia
|
| 338 |
|
|
|a online resource
|b cr
|2 rdacarrier
|
| 504 |
|
|
|a Includes bibliographical references and index.
|
| 500 |
|
|
|a Electronic resource.
|
| 650 |
|
0 |
|a Aging
|x Social aspects
|z United States
|v Longitudinal studies.
|
| 650 |
|
0 |
|a Aging
|z United States
|x Psychological aspects
|v Longitudinal studies.
|
| 650 |
|
0 |
|a Men
|z United States
|v Longitudinal studies.
|
| 655 |
|
7 |
|a Electronic books.
|2 local
|
| 710 |
2 |
|
|a ebrary, Inc.
|
| 856 |
4 |
0 |
|u https://ebookcentral.proquest.com/lib/tamucs/detail.action?docID=3301155
|y Connect to the full text of this electronic book
|t 0
|
| 980 |
|
|
|a 121113
|b 27.95
|c USD
|e 41.93
|f YBP_EBR0000046659
|g 1
|
| 999 |
f |
f |
|s fa723a54-6dd6-337c-8431-f356d08be49a
|i b06ec403-2bea-32cf-9259-32cd0ac8f46e
|t 0
|
| 999 |
|
|
|a MARS
|
| 952 |
f |
f |
|a Texas A&M University
|b College Station
|c Electronic Resources
|d Available Online
|t 0
|e HQ1090.3 .V35 2012eb
|h Library of Congress classification
|
| 998 |
f |
f |
|a HQ1090.3 .V35 2012eb
|t 0
|l Available Online
|